01777nam a2200181Ia 4500001001300000003001000013008004100023040002500064041000700089100003100096245003000127250001100157260002900168300001700197500130500214650004501519700003101564b4869-31883 IT-MiCISF161014s9999||||xx |||||||||||||| ||und|| aIT-MiCISFcIT-MiCISF ait aBandini Tullio (a cura di) 0aInfanzia e abuso sessuale a1a ed. a MilanobGiuffrèc2000 app. XVII-424 aBandini T., Gualco B., Scardaccione G., Colucci A., Calvanese E., Lorenzi L., Birkhoff J., Martucci P., Lagazzi M., La Via V., Verde A., Patrizi P., Coda S., Fornari U., Marchetti M., Lomi A., Catanesi R., Amerio L., Marasco M., Spalletta M., Paolucci M.A., De Fazio L., Petralunga S., Maccora V., Travaini G.V., Mungo S., Lavagna L., Prelati M., Gatti U. / abuso-sessuale, infanzia, massmedia, scuola, pornografia, nuovi-media, prostituzione, psicologia, legislazione, prevenzione / In questo volume sono raccolti numerosi contributi di studiosi italiani, volti ad analizzare e a chiarire il problema dell'abuso sessuale sui bambini nel nostro Paese, con riferimento alla classificazione, all'andamento e alla distribuzione del fenomeno, alla percezione sociale dello stesso, ad alcuni tipi di sfruttamento sessuale dei minori a fini di lucro, all'esame clinico degli autori e delle vittime di abuso, alle metodologie di accertamento dei fatti, alle risposte sociali, al trattamento e alla prevenzione del fenomeno stesso. L'intento di quest'opera è quello di facilitare, nella nostra società, la conoscenza dei diversi comportamenti e dei diversi problemi legati all'abuso sessuale dei bambini e di stimolare ulteriori ricerche e studi sul tema nell'ambito del pensiero giuridico e scientifico. a Infanzia / maltrattamenti-violenzae008 aGualco Barbara (a cura di)